Từ điển ngữ pháp tiếng Nhật cơ bản
محفوظ في:
| المؤلف الرئيسي: | |
|---|---|
| التنسيق: | كتاب |
| اللغة: | Undetermined |
| منشور في: |
Tp. HCM
Trẻ
1999
|
| الموضوعات: | |
| الوسوم: |
إضافة وسم
لا توجد وسوم, كن أول من يضع وسما على هذه التسجيلة!
|
| Thư viện lưu trữ: | Trung tâm Học liệu Trường Đại học Cần Thơ |
|---|
| LEADER | 00589nam a2200193Ia 4500 | ||
|---|---|---|---|
| 001 | CTU_40509 | ||
| 008 | 210402s9999 xx 000 0 und d | ||
| 020 | |b 55.000đ | ||
| 082 | |a 495.63 | ||
| 082 | |b M235 | ||
| 100 | |a Seiichi Makino | ||
| 245 | 0 | |a Từ điển ngữ pháp tiếng Nhật cơ bản | |
| 245 | 0 | |c Seiichi Makino, Michio Tsutsui; Dịch giả: Nguyễn Văn Huệ | |
| 260 | |a Tp. HCM | ||
| 260 | |b Trẻ | ||
| 260 | |c 1999 | ||
| 650 | |a japanese language - grammar | ||
| 904 | |i Minh, 010320 | ||
| 980 | |a Trung tâm Học liệu Trường Đại học Cần Thơ | ||